Traduction de vocabulaire en anglais - Statistiques

Statistiques générales
  • Ce quiz a été pris 253 fois
  • Le résultat moyen est 7 sur 15
Statistiques - réponses
Hint Réponse % Correct
équipe team
95%
réunion meeting
70%
identifier identify
67%
passeport passport
67%
vol (en avion) flight
63%
recherche research
63%
suggérer suggest
52%
abandonner give up
39%
en fait actually
31%
malgré despite
30%
cohérent coherent
28%
reçu receipt
17%
surtout especially
13%
formation training
12%
efficace effective
7%
Aucun quiz correspondant
Distribution des résultats
% des personnes avec chaque résultat
Percentile par nombre de réponses
Votre historique - résultats
Vous n’avez pas pris ce quiz